[Event "Moscow Open F"]
[Site "?"]
[Date "2017.02.01"]
[Round "6.10"]
[White "Fotin, Vladimir"]
[Black "Taalaibekov, Tagir"]
[Result "1/2-1/2"]
[BlackElo "2173"]
[WhiteElo "2315"]
[LiveChessVersion "1.4.8"]

1. d4 {[%clk 1:12:11]} e6 {[%clk 1:30:51]} 2. c4 {[%clk 1:11:29]} f5
{[%clk 1:31:16]} 3. g3 {[%clk 1:08:47]} Nf6 {[%clk 1:31:41]} 4. Bg2
{[%clk 1:09:10]} d5 {[%clk 1:32:08]} 5. Nf3 {[%clk 1:06:57]} c6 {[%clk 1:32:31]}
6. O-O {[%clk 1:06:53]} Bd6 {[%clk 1:32:59]} 7. Nc3 {[%clk 1:06:33]} O-O
{[%clk 1:33:22]} 8. Qc2 {[%clk 1:06:47]} a5 {[%clk 1:33:04]} 9. Bf4
{[%clk 0:58:50]} Bxf4 {[%clk 1:28:16]} 10. gxf4 {[%clk 0:59:11]} dxc4
{[%clk 1:26:28]} 11. e3 {[%clk 0:54:49]} b5 {[%clk 1:18:08]} 12. Ne2 Ba6
{[%clk 1:14:49]} 13. b3 {[%clk 0:51:17]} cxb3 {[%clk 1:14:23]} 14. Qxb3
{[%clk 0:51:04]} Nd5 {[%clk 1:14:30]} 15. Rfc1 {[%clk 0:49:31]} b4
{[%clk 1:10:05]} 16. Rc2 {[%clk 0:48:04]} Nd7 {[%clk 1:07:14]} 17. Ng5
{[%clk 0:43:32]} a4 {[%clk 0:37:52]} 18. Qb2 {[%clk 0:42:09]} Re8
{[%clk 0:24:55]} 19. Rxc6 {[%clk 0:41:44]} Nf8 {[%clk 0:25:08]} 20. Ng3
{[%clk 0:35:23]} Qd7 {[%clk 0:21:54]} 21. Rc5 {[%clk 0:34:46]} Bb7
{[%clk 0:16:11]} 22. Nf3 {[%clk 0:32:06]} Ng6 {[%clk 0:15:14]} 23. h4
{[%clk 0:31:46]} Rec8 {[%clk 0:14:31]} 24. h5 {[%clk 0:31:14]} Nge7
{[%clk 0:12:39]} 25. Ne5 {[%clk 0:29:19]} Qd6 {[%clk 0:12:06]} 26. Nd3
{[%clk 0:27:12]} Qb6 {[%clk 0:08:19]} 27. Rb1 {[%clk 0:22:54]} Ba6
{[%clk 0:02:47]} 28. Rxc8+ {[%clk 0:15:52]} Rxc8 {[%clk 0:02:24]} 29. Nc5
{[%clk 0:16:09]} Bb5 {[%clk 0:00:55]} 30. Qd2 {[%clk 0:14:40]} h6
{[%clk 0:01:07]} 31. Bf3 {[%clk 0:08:32]} Qd6 {[%clk 0:00:51]} 32. Rxb4
{[%clk 0:03:04]} Nxb4 {[%clk 0:00:54]} 33. Qxb4 {[%clk 0:03:29]} Bc6
{[%clk 0:00:58]} 34. Bxc6 {[%clk 0:03:24]} Qxc6 {[%clk 0:00:53]} 35. Nxa4
{[%clk 0:02:27]} Nd5 {[%clk 0:00:50]} 36. Qb3 {[%clk 0:02:22]} Qc4
{[%clk 0:00:45]} 37. Qb7 {[%clk 0:01:53]} Qc1+ {[%clk 0:01:14]} 38. Nf1
{[%clk 0:01:44]} Qc6 {[%clk 0:00:49]} 39. Qb3 {[%clk 0:02:06]} Nf6
{[%clk 0:00:38]} 40. Nc5 {[%clk 0:02:15]} Re8 {[%clk 0:00:39]} 41. Ng3
{[%clk 0:02:04]} Qd5 {[%clk 0:00:56]} 42. Qc2 {[%clk 0:01:01]} Qf3
{[%clk 0:01:11]} 43. Nd3 {[%clk 0:01:26]} Qb7 {[%clk 0:00:39]} 44. Qc4
{[%clk 0:01:30]} Qd5 {[%clk 0:01:10]} 45. Qc2 {[%clk 0:00:58]} Ng4
{[%clk 0:01:32]} 46. a4 {[%clk 0:00:41]} Ra8 {[%clk 0:00:59]} 47. Nc5
{[%clk 0:00:41]} Qf3 {[%clk 0:00:59]} 48. Nxe6 {[%clk 0:00:39]} Nxe3
{[%clk 0:01:12]} 49. fxe3 {[%clk 0:00:41]} Qxe3+ {[%clk 0:01:02]} 50. Kh2
{[%clk 0:00:47]} Qxe6 {[%clk 0:01:18]} 51. Qxf5 {[%clk 0:00:38]} Qxf5
{[%clk 0:01:32]} 52. Nxf5 {[%clk 0:01:06]} Rxa4 {[%clk 0:01:51]} 53. Kg3
{[%clk 0:01:27]} Kf7 {[%clk 0:01:37]} 54. d5 {[%clk 0:01:52]} Kf6
{[%clk 0:01:22]} 55. Ne3 {[%clk 0:02:20]} Rd4 {[%clk 0:00:53]} 56. Kf3
{[%clk 0:02:46]} Rd2 {[%clk 0:01:02]} 57. Ke4 {[%clk 0:02:56]} Re2
{[%clk 0:00:47]} 58. Kf3 {[%clk 0:03:20]} Ra2 {[%clk 0:01:08]} 59. Ke4
{[%clk 0:03:38]} Ra4+ {[%clk 0:01:35]} 60. Kf3 {[%clk 0:04:02]} Ra1
{[%clk 0:01:30]} 61. Kg3 {[%clk 0:04:18]} Rh1 {[%clk 0:01:29]} 62. Kg4
{[%clk 0:04:40]} Ra1 {[%clk 0:00:57]} 63. Kf3 {[%clk 0:05:08]} Ra3
{[%clk 0:00:51]} 64. Ke4 {[%clk 0:05:29]} Ra4+ {[%clk 0:00:53]} 65. Kf3
{[%clk 0:05:57]} Ra7 {[%clk 0:00:50]} 66. Ke4 {[%clk 0:06:20]} Re7+
{[%clk 0:00:38]} 67. Kf3 {[%clk 0:06:47]} Re8 {[%clk 0:00:43]} 68. Kf2
{[%clk 0:06:55]} g5 {[%clk 0:00:40]} 69. Kf3 {[%clk 0:06:26]} gxf4
{[%clk 0:00:34]} 70. Kxf4 {[%clk 0:06:53]} Ra8 71. Ng4+ {[%clk 0:07:09]} Kg7
{[%clk 0:00:39]} 72. Kf5 {[%clk 0:07:09]} Rf8+ {[%clk 0:00:59]} 73. Ke6
{[%clk 0:07:35]} Rf4 {[%clk 0:01:15]} 74. Ne5 {[%clk 0:07:51]} Rf6+
{[%clk 0:01:35]} 75. Ke7 {[%clk 0:08:12]} Rf5 {[%clk 0:01:41]} 76. Ke6
{[%clk 0:08:40]} 1/2-1/2

[Event "Moscow Open F"]
[Site "?"]
[Date "2017.02.01"]
[Round "6.11"]
[White "Platonov, Dmitriy"]
[Black "Kamrukov, Alexey"]
[Result "1-0"]
[BlackElo "2311"]
[WhiteElo "2109"]
[LiveChessVersion "1.4.8"]

1. d4 d5 2. c4 e6 3. Nc3 Nf6 4. Bg5 Be7 5. Nf3 c6 6. e3 Nbd7 7. cxd5 exd5 8. Qc2
O-O 9. Bd3 Re8 10. h3 Nf8 11. O-O-O b6 12. Ne5 Bb7 13. Kb1 a6 14. g4 c5 15. h4 c4
16. Bf5 b5 17. Bf4 Bd6 18. g5 Bxe5 19. dxe5 Nh5 20. Be4 Nxf4 21. exf4 Qb6 22.
Nxd5 Bxd5 23. Rxd5 Rac8 24. Rd6 Qa7 25. h5 Ne6 26. Bxh7+ Kf8 27. Bf5 Nd4 28. Qe4
Nxf5 29. Qxf5 Ke7 30. Rhd1 Rc7 31. e6 Kf8 32. h6 c3 33. bxc3 Kg8 34. Rd7 1-0

[Event "Moscow Open F"]
[Site "?"]
[Date "2017.02.01"]
[Round "6.12"]
[White "Badalyan, Shavarsh"]
[Black "Pahomov, Ruslan"]
[Result "1/2-1/2"]
[BlackElo "2270"]
[WhiteElo "2107"]
[LiveChessVersion "1.4.8"]

1. d4 Nf6 2. Nf3 d5 3. c4 c6 4. e3 e6 5. Nc3 Nbd7 6. Bd3 Be7 7. O-O O-O 8. e4
dxc4 9. Bxc4 b5 10. Bd3 b4 11. Na4 Bb7 12. Qc2 h6 13. h3 Rc8 14. Be3 Qa5 15. Rfc1
Ba6 16. b3 Bxd3 17. Qxd3 Rfd8 18. Qc2 Qg5 19. Nd2 Qg6 20. e5 Qxc2 21. Rxc2 Nd5
22. Rac1 Nb8 23. Nc4 Rd7 24. Na5 Bd8 25. Nc4 Be7 26. Na5 Bd8 27. Nc4 Be7 1/2-1/2

[Event "Moscow Open F"]
[Site "?"]
[Date "2017.02.01"]
[Round "6.13"]
[White "Zhileykin, Andrey"]
[Black "Shopanov, Akzhan"]
[Result "1/2-1/2"]
[BlackElo "2129"]
[WhiteElo "2259"]
[LiveChessVersion "1.4.8"]

1. e4 {[%clk 1:30:43]} c5 {[%clk 1:19:28]} 2. Nf3 {[%clk 1:31:09]} Nc6
{[%clk 1:19:54]} 3. d4 {[%clk 1:31:36]} cxd4 {[%clk 1:20:20]} 4. Nxd4
{[%clk 1:32:04]} Nf6 {[%clk 1:20:44]} 5. Nc3 {[%clk 1:32:32]} e5 {[%clk 1:21:08]}
6. Ndb5 {[%clk 1:32:59]} d6 {[%clk 1:21:36]} 7. Nd5 {[%clk 1:31:38]} Nxd5
{[%clk 1:22:04]} 8. exd5 {[%clk 1:32:01]} Nb8 {[%clk 1:22:32]} 9. c4
{[%clk 1:32:27]} a6 {[%clk 1:22:58]} 10. Nc3 {[%clk 1:32:45]} Be7
{[%clk 1:23:24]} 11. Be2 {[%clk 1:33:10]} O-O {[%clk 1:23:50]} 12. O-O
{[%clk 1:33:36]} f5 {[%clk 1:21:11]} 13. f4 {[%clk 1:34:03]} Nd7 {[%clk 1:21:34]}
14. Be3 {[%clk 1:33:41]} Bf6 {[%clk 1:21:42]} 15. Rc1 {[%clk 1:32:57]} Re8
{[%clk 1:21:12]} 16. Qd2 {[%clk 1:31:54]} exf4 {[%clk 1:17:55]} 17. Bxf4
{[%clk 1:31:44]} Ne5 {[%clk 1:18:19]} 18. Kh1 {[%clk 1:29:49]} Bd7
{[%clk 1:18:31]} 19. b4 {[%clk 1:08:39]} Ng6 {[%clk 0:52:43]} 20. Bxd6
{[%clk 0:42:03]} Bxc3 {[%clk 0:51:36]} 21. Rxc3 {[%clk 0:42:10]} Qf6
{[%clk 0:52:04]} 22. Bf3 {[%clk 0:35:34]} Qxd6 {[%clk 0:47:15]} 23. c5
{[%clk 0:35:57]} Qf4 {[%clk 0:42:33]} 24. Qxf4 {[%clk 0:34:35]} Nxf4
{[%clk 0:43:01]} 25. c6 {[%clk 0:34:29]} bxc6 {[%clk 0:43:27]} 26. dxc6
{[%clk 0:35:28]} Be6 {[%clk 0:43:50]} 27. a4 {[%clk 0:20:13]} Bd5
{[%clk 0:35:36]} 28. b5 {[%clk 0:20:13]} axb5 {[%clk 0:34:25]} 29. axb5
{[%clk 0:20:02]} Bxf3 {[%clk 0:31:47]} 30. Rcxf3 {[%clk 0:20:14]} Nd5
{[%clk 0:31:20]} 31. h3 {[%clk 0:18:52]} Ra5 {[%clk 0:24:16]} 32. Rb3
{[%clk 0:17:36]} Rb8 {[%clk 0:13:41]} 33. Rc1 {[%clk 0:17:42]} Raxb5
{[%clk 0:09:22]} 34. Rxb5 {[%clk 0:17:53]} Rxb5 {[%clk 0:09:47]} 35. c7
{[%clk 0:18:19]} Nxc7 {[%clk 0:09:42]} 36. Rxc7 {[%clk 0:18:45]} Kf8
{[%clk 0:09:59]} 37. Ra7 {[%clk 0:19:10]} Re5 {[%clk 0:10:25]} 38. Kh2
{[%clk 0:19:37]} Re7 {[%clk 0:10:40]} 39. Ra8+ {[%clk 0:20:01]} Kf7
{[%clk 0:11:01]} 40. Ra6 {[%clk 0:20:06]} Re6 {[%clk 0:11:22]} 41. Ra8
{[%clk 0:20:34]} h6 {[%clk 0:09:52]} 42. Ra5 {[%clk 0:20:58]} Kf6
{[%clk 0:10:15]} 43. Ra8 {[%clk 0:21:21]} f4 {[%clk 0:08:29]} 44. Kg1
{[%clk 0:19:43]} g5 {[%clk 0:07:24]} 45. Kf2 {[%clk 0:19:06]} Kf5
{[%clk 0:07:25]} 46. Ra5+ {[%clk 0:18:12]} Re5 {[%clk 0:06:26]} 47. Ra8
{[%clk 0:18:34]} Re6 {[%clk 0:06:49]} 48. Ke1 1/2-1/2

[Event "Moscow Open F"]
[Site "?"]
[Date "2017.02.01"]
[Round "6.14"]
[White "Kudenko, Alexander"]
[Black "Nasybullina, Alfia"]
[Result "0-1"]
[BlackElo "2219"]
[WhiteElo "2062"]
[LiveChessVersion "1.4.8"]

1. d4 {[%clk 1:30:36]} d5 {[%clk 1:30:21]} 2. c4 {[%clk 1:31:00]} e6
{[%clk 1:30:44]} 3. Nc3 {[%clk 1:31:26]} c6 {[%clk 1:31:06]} 4. cxd5
{[%clk 1:31:06]} exd5 {[%clk 1:31:29]} 5. Nf3 {[%clk 1:31:21]} Bd6
{[%clk 1:31:51]} 6. Bg5 {[%clk 1:30:30]} Ne7 {[%clk 1:31:33]} 7. e3
{[%clk 1:30:45]} Qb6 {[%clk 1:29:31]} 8. Rb1 {[%clk 1:26:26]} Bf5
{[%clk 1:17:40]} 9. Bd3 {[%clk 1:26:29]} Bg6 {[%clk 1:17:43]} 10. O-O
{[%clk 1:26:49]} O-O {[%clk 1:17:48]} 11. Ne5 {[%clk 1:09:05]} Bxd3
{[%clk 1:08:55]} 12. Nxd3 {[%clk 1:09:12]} Ng6 {[%clk 1:09:18]} 13. h4
{[%clk 1:08:07]} Re8 {[%clk 0:56:48]} 14. Qg4 {[%clk 1:01:21]} Nf8
{[%clk 0:49:15]} 15. Ne2 {[%clk 0:34:22]} Nbd7 {[%clk 0:47:54]} 16. Ng3
{[%clk 0:32:17]} Bxg3 {[%clk 0:43:51]} 17. fxg3 {[%clk 0:24:22]} Ne6
{[%clk 0:39:53]} 18. Nf4 {[%clk 0:20:37]} Ndf8 {[%clk 0:32:29]} 19. Nh5
{[%clk 0:08:43]} Ng6 {[%clk 0:24:06]} 20. Bf6 {[%clk 0:05:47]} Qc7
{[%clk 0:23:15]} 21. Nxg7 {[%clk 0:05:17]} Nxg7 {[%clk 0:23:30]} 22. h5
{[%clk 0:04:28]} Re4 {[%clk 0:21:41]} 23. Rf4 {[%clk 0:03:35]} Rxf4
{[%clk 0:20:24]} 24. gxf4 {[%clk 0:03:33]} Qd6 {[%clk 0:17:28]} 25. Bxg7
{[%clk 0:02:35]} Kxg7 {[%clk 0:17:52]} 26. f5 {[%clk 0:00:41]} Qe7
{[%clk 0:17:24]} 27. Qg3 {[%clk 0:00:36]} Qh4 {[%clk 0:17:03]} 28. Qd6
{[%clk 0:00:38]} Nf8 {[%clk 0:16:02]} 29. Rf1 {[%clk 0:00:57]} Qxh5
{[%clk 0:14:27]} 30. Rf3 {[%clk 0:01:05]} Re8 {[%clk 0:11:08]} 31. Rg3+
{[%clk 0:01:04]} Ng6 {[%clk 0:11:30]} 32. fxg6 {[%clk 0:00:58]} hxg6
{[%clk 0:11:34]} 33. Rf3 {[%clk 0:00:50]} Qh4 {[%clk 0:10:11]} 34. Qd7
{[%clk 0:00:33]} Qe7 {[%clk 0:08:57]} 35. Qg4 {[%clk 0:00:43]} Qe4
{[%clk 0:09:07]} 36. Qg5 {[%clk 0:00:52]} Qe7 {[%clk 0:08:40]} 37. Qf4
{[%clk 0:00:56]} Rh8 {[%clk 0:08:54]} 38. Kf2 {[%clk 0:00:44]} Qh4+
{[%clk 0:08:45]} 39. Ke2 {[%clk 0:00:36]} Qxf4 {[%clk 0:09:08]} 40. exf4
{[%clk 0:00:59]} Re8+ {[%clk 0:09:28]} 41. Kd3 {[%clk 0:01:15]} Re1
{[%clk 0:09:21]} 42. Rf2 {[%clk 0:01:29]} Kf6 {[%clk 0:09:16]} 43. Kd2
{[%clk 0:00:51]} Re4 {[%clk 0:09:39]} 44. Kd3 {[%clk 0:01:12]} Kf5
{[%clk 0:10:00]} 45. g3 {[%clk 0:00:39]} Kg4 {[%clk 0:10:23]} 46. Rh2
{[%clk 0:00:57]} Kxg3 {[%clk 0:10:44]} 47. Rh7 {[%clk 0:01:18]} Re7
{[%clk 0:11:06]} 48. f5 {[%clk 0:01:42]} gxf5 {[%clk 0:11:30]} 0-1

[Event "Moscow Open F"]
[Site "?"]
[Date "2017.02.01"]
[Round "6.15"]
[White "Krikunov, Dmitry"]
[Black "Kuzub, Pavel"]
[Result "1-0"]
[BlackElo "1964"]
[WhiteElo "2198"]
[LiveChessVersion "1.4.8"]

1. e4 {[%clk 1:19:07]} c5 {[%clk 1:30:15]} 2. Nf3 {[%clk 1:19:28]} d6
{[%clk 1:28:58]} 3. Bb5+ {[%clk 1:19:57]} Nd7 {[%clk 1:29:14]} 4. d4
{[%clk 1:20:18]} cxd4 {[%clk 1:29:32]} 5. Qxd4 {[%clk 1:20:46]} a6
{[%clk 1:29:21]} 6. Bc4 {[%clk 1:19:18]} Ngf6 {[%clk 1:27:26]} 7. Nc3
{[%clk 1:17:25]} e6 {[%clk 1:27:39]} 8. Bg5 {[%clk 1:16:18]} b5 {[%clk 1:26:54]}
9. Bb3 {[%clk 1:15:45]} Bb7 {[%clk 1:26:01]} 10. O-O-O {[%clk 1:14:24]} Qc7
{[%clk 1:14:42]} 11. Rhe1 {[%clk 1:10:04]} b4 {[%clk 0:56:32]} 12. Bxf6
{[%clk 0:45:06]} gxf6 {[%clk 0:53:39]} 13. Qxb4 {[%clk 0:44:33]} Nc5
{[%clk 0:50:06]} 14. Ba4+ {[%clk 0:34:24]} Nxa4 {[%clk 0:48:41]} 15. Qxa4+
{[%clk 0:34:37]} Bc6 {[%clk 0:48:56]} 16. Qd4 {[%clk 0:34:53]} Be7
{[%clk 0:47:11]} 17. Nd2 {[%clk 0:32:56]} Rg8 {[%clk 0:43:19]} 18. g3
{[%clk 0:32:57]} Rd8 {[%clk 0:33:07]} 19. Nc4 {[%clk 0:25:35]} d5
{[%clk 0:29:52]} 20. exd5 {[%clk 0:21:56]} Bxd5 {[%clk 0:30:15]} 21. Nxd5
{[%clk 0:21:19]} Rxd5 {[%clk 0:30:13]} 22. Qh4 {[%clk 0:19:12]} Rdg5
{[%clk 0:19:07]} 23. Qe4 {[%clk 0:14:44]} Kf8 {[%clk 0:17:13]} 24. Ne3
{[%clk 0:12:58]} Ra5 {[%clk 0:15:40]} 25. Kb1 {[%clk 0:11:47]} Kg7
{[%clk 0:15:27]} 26. Nd5 {[%clk 0:10:19]} exd5 {[%clk 0:13:59]} 27. Qxe7
{[%clk 0:10:43]} Qb6 {[%clk 0:12:50]} 28. Qe3 {[%clk 0:10:32]} Qc6
{[%clk 0:13:13]} 29. Rd4 {[%clk 0:10:16]} Rc8 {[%clk 0:08:41]} 30. c3
{[%clk 0:10:11]} Ra4 {[%clk 0:07:38]} 31. Rxa4 {[%clk 0:10:06]} Qxa4
{[%clk 0:08:07]} 32. Qf3 {[%clk 0:10:07]} Qc4 {[%clk 0:07:45]} 33. Rd1
{[%clk 0:10:03]} Rc5 {[%clk 0:08:05]} 34. Qd3 {[%clk 0:07:44]} Qa4
{[%clk 0:08:19]} 35. Qd4 {[%clk 0:07:33]} Qb5 {[%clk 0:08:17]} 36. g4
{[%clk 0:06:02]} h6 {[%clk 0:05:01]} 37. f4 {[%clk 0:06:20]} Rc4 {[%clk 0:05:14]}
38. Qxd5 {[%clk 0:06:32]} Qxd5 {[%clk 0:05:43]} 39. Rxd5 {[%clk 0:06:59]} Rxf4
{[%clk 0:06:12]} 40. h3 {[%clk 0:06:38]} Rf3 {[%clk 0:06:20]} 41. c4
{[%clk 0:06:48]} 1-0

[Event "Moscow Open F"]
[Site "?"]
[Date "2017.02.01"]
[Round "6.16"]
[White "Mingazov, Almaz"]
[Black "Orshonova, Elena"]
[Result "0-1"]
[BlackElo "1968"]
[WhiteElo "2303"]
[LiveChessVersion "1.4.8"]

1. d4 {[%clk 1:09:57]} d5 {[%clk 1:30:47]} 2. c4 {[%clk 1:10:21]} dxc4
{[%clk 1:30:44]} 3. e4 {[%clk 1:10:29]} e5 {[%clk 1:30:15]} 4. d5
{[%clk 1:10:22]} Nf6 {[%clk 1:29:07]} 5. Nc3 {[%clk 1:10:43]} c6 {[%clk 1:28:46]}
6. Bxc4 {[%clk 1:11:05]} cxd5 {[%clk 1:27:33]} 7. exd5 {[%clk 1:09:53]} Bc5
{[%clk 1:26:21]} 8. Nge2 {[%clk 1:02:49]} O-O {[%clk 1:25:34]} 9. O-O
{[%clk 1:03:12]} Bf5 {[%clk 1:23:50]} 10. Ng3 {[%clk 1:02:46]} Bg6
{[%clk 1:24:06]} 11. Bg5 {[%clk 1:01:29]} Nbd7 {[%clk 1:21:52]} 12. Nge4
{[%clk 0:56:03]} Bd4 {[%clk 1:21:38]} 13. Qf3 {[%clk 0:48:37]} Qc7
{[%clk 1:13:21]} 14. Bxf6 {[%clk 0:41:20]} gxf6 {[%clk 1:06:03]} 15. Bb3
{[%clk 0:30:33]} f5 {[%clk 1:04:09]} 16. Ng3 {[%clk 0:30:22]} e4 {[%clk 1:03:20]}
17. Qd1 {[%clk 0:30:23]} Qe5 {[%clk 1:01:47]} 18. Nge2 {[%clk 0:28:57]} Bb6
{[%clk 1:01:53]} 19. Qc1 {[%clk 0:29:07]} Bc7 {[%clk 0:54:14]} 20. g3
{[%clk 0:28:47]} a6 {[%clk 0:53:04]} 21. Qh6 {[%clk 0:27:52]} Nf6
{[%clk 0:44:11]} 22. h3 {[%clk 0:20:46]} Kh8 {[%clk 0:38:49]} 23. Rad1
{[%clk 0:20:19]} Bd6 {[%clk 0:38:53]} 24. Rde1 {[%clk 0:12:45]} Rg8
{[%clk 0:30:39]} 25. Nf4 {[%clk 0:09:46]} Bh5 {[%clk 0:22:53]} 26. Bd1
{[%clk 0:08:28]} Bf8 {[%clk 0:22:21]} 27. Qxf6+ {[%clk 0:04:16]} Qxf6
{[%clk 0:22:48]} 28. Nxh5 {[%clk 0:04:14]} Qh6 {[%clk 0:21:21]} 29. f4
{[%clk 0:02:43]} Qb6+ {[%clk 0:20:07]} 30. Kh2 {[%clk 0:02:36]} Qxb2+
{[%clk 0:20:23]} 31. Ne2 {[%clk 0:03:04]} Bb4 {[%clk 0:20:35]} 0-1

[Event "Moscow Open F"]
[Site "?"]
[Date "2017.02.01"]
[Round "6.17"]
[White "Subbotsky, Mikhail"]
[Black "Lojko, Alexej"]
[Result "1/2-1/2"]
[BlackElo "2273"]
[WhiteElo "2019"]
[LiveChessVersion "1.4.8"]

1. d4 {[%clk 1:17:46]} d5 {[%clk 1:30:56]} 2. c4 {[%clk 1:18:11]} e6
{[%clk 1:31:03]} 3. Nf3 {[%clk 1:18:35]} c5 {[%clk 1:31:30]} 4. cxd5
{[%clk 1:18:43]} exd5 {[%clk 1:31:59]} 5. g3 {[%clk 1:18:48]} Nc6
{[%clk 1:32:25]} 6. Bg2 {[%clk 1:18:55]} Nf6 {[%clk 1:32:50]} 7. Nc3
{[%clk 1:19:05]} cxd4 {[%clk 1:33:02]} 8. Nxd4 {[%clk 1:19:25]} Be7
{[%clk 1:33:30]} 9. O-O {[%clk 1:19:18]} O-O {[%clk 1:33:58]} 10. Bf4
{[%clk 1:14:23]} Qb6 {[%clk 1:34:02]} 11. Nb3 {[%clk 1:05:07]} Rd8
{[%clk 1:34:13]} 12. Rc1 {[%clk 1:01:09]} Be6 {[%clk 1:00:56]} 13. Qc2
{[%clk 0:49:25]} Nb4 {[%clk 0:14:57]} 14. Qb1 {[%clk 0:29:16]} Nxa2
{[%clk 0:13:13]} 15. Qxa2 {[%clk 0:27:31]} d4 {[%clk 0:13:41]} 16. Na4
{[%clk 0:18:54]} Qxb3 {[%clk 0:06:16]} 17. Qxb3 {[%clk 0:18:58]} Bxb3
{[%clk 0:06:45]} 18. Nc5 {[%clk 0:18:26]} Bxc5 {[%clk 0:06:30]} 19. Rxc5
{[%clk 0:18:51]} b6 {[%clk 0:02:13]} 20. Rcc1 {[%clk 0:09:45]} Bd5
{[%clk 0:00:47]} 21. Bh3 {[%clk 0:09:21]} Re8 {[%clk 0:00:43]} 22. e3
{[%clk 0:07:02]} dxe3 {[%clk 0:00:35]} 23. Bxe3 {[%clk 0:07:13]} Be6
{[%clk 0:00:34]} 24. Bg2 {[%clk 0:07:26]} Rac8 {[%clk 0:00:39]} 25. Ra1
{[%clk 0:06:13]} Re7 {[%clk 0:00:42]} 26. Rfd1 {[%clk 0:05:48]} h6
{[%clk 0:00:38]} 27. Rdc1 {[%clk 0:04:06]} Rxc1+ {[%clk 0:00:34]} 28. Rxc1
{[%clk 0:04:30]} Bd5 {[%clk 0:00:34]} 29. Rc8+ {[%clk 0:03:48]} Kh7
{[%clk 0:01:01]} 30. Bh3 {[%clk 0:03:13]} Bf3 {[%clk 0:00:42]} 31. Rc1
{[%clk 0:01:20]} Kg6 {[%clk 0:00:36]} 32. Bf1 {[%clk 0:01:22]} Be4
{[%clk 0:00:34]} 33. h4 {[%clk 0:01:14]} Rd7 {[%clk 0:00:38]} 34. Bb5
{[%clk 0:01:00]} Rd5 {[%clk 0:00:35]} 35. Be2 {[%clk 0:00:43]} h5
{[%clk 0:00:34]} 36. f3 {[%clk 0:00:35]} Bd3 {[%clk 0:00:52]} 37. Bd1
{[%clk 0:00:53]} Kf5 {[%clk 0:00:33]} 38. Kf2 {[%clk 0:00:43]} Rd6
{[%clk 0:00:32]} 39. Bb3 {[%clk 0:00:47]} Rd7 {[%clk 0:00:34]} 40. Rd1
{[%clk 0:00:38]} Ke5 {[%clk 0:00:34]} 41. Bf4+ {[%clk 0:00:35]} Kd4
{[%clk 0:00:52]} 42. Be3+ {[%clk 0:00:42]} Ke5 {[%clk 0:01:21]} 43. Bf4+
{[%clk 0:00:47]} 1/2-1/2

[Event "Moscow Open F"]
[Site "?"]
[Date "2017.02.01"]
[Round "6.19"]
[White "Volkov, Igor"]
[Black "Dzhaumutbaev, Erzhan"]
[Result "0-1"]
[BlackElo "2148"]
[WhiteElo "2008"]
[LiveChessVersion "1.4.8"]

1. d4 {[%clk 1:29:02]} Nf6 {[%clk 1:25:10]} 2. Bg5 {[%clk 1:29:23]} Ne4
{[%clk 1:24:38]} 3. h4 {[%clk 1:29:41]} c5 {[%clk 1:24:40]} 4. d5
{[%clk 1:30:00]} d6 {[%clk 1:23:13]} 5. Nd2 {[%clk 1:30:12]} Nxg5
{[%clk 1:23:06]} 6. hxg5 {[%clk 1:30:41]} e6 {[%clk 1:19:27]} 7. g6
{[%clk 1:28:07]} fxg6 {[%clk 1:19:40]} 8. c4 {[%clk 1:28:25]} Qf6
{[%clk 1:10:33]} 9. Qc2 {[%clk 1:27:58]} Be7 {[%clk 1:10:46]} 10. Ngf3
{[%clk 1:26:09]} O-O {[%clk 1:05:47]} 11. Ne4 {[%clk 1:22:54]} Qf5
{[%clk 1:04:06]} 12. e3 {[%clk 1:23:00]} b5 {[%clk 1:00:15]} 13. Rd1
{[%clk 1:16:02]} Bb7 {[%clk 0:54:46]} 14. Nh4 {[%clk 1:08:29]} Bxh4
{[%clk 0:51:43]} 15. Rxh4 {[%clk 1:08:58]} exd5 {[%clk 0:48:15]} 16. cxd5
{[%clk 1:07:59]} c4 {[%clk 0:45:02]} 17. g4 {[%clk 1:04:08]} Qe5 {[%clk 0:45:13]}
18. f4 {[%clk 1:03:47]} Qe7 {[%clk 0:45:34]} 19. Rh3 {[%clk 1:03:58]} Nd7
{[%clk 0:45:23]} 20. Rd2 {[%clk 0:55:18]} Rae8 {[%clk 0:44:38]} 21. Bg2
{[%clk 0:51:13]} Nf6 {[%clk 0:39:44]} 22. Ng5 {[%clk 0:46:38]} Nxg4
{[%clk 0:35:22]} 23. Ne6 {[%clk 0:46:58]} Bc8 {[%clk 0:35:35]} 24. Be4
{[%clk 0:36:45]} Nf6 {[%clk 0:33:19]} 25. Bxg6 {[%clk 0:36:42]} hxg6
{[%clk 0:28:37]} 26. Rdh2 {[%clk 0:36:37]} Bxe6 {[%clk 0:27:48]} 27. dxe6
{[%clk 0:37:03]} Nh5 {[%clk 0:24:41]} 28. Qxg6 {[%clk 0:37:10]} Qxe6
{[%clk 0:24:57]} 29. Qxh5 {[%clk 0:37:35]} Qf5 {[%clk 0:24:06]} 30. Qf3
{[%clk 0:34:55]} Kf7 {[%clk 0:18:36]} 31. Rd2 {[%clk 0:29:25]} Rxe3+
{[%clk 0:17:51]} 32. Qxe3 {[%clk 0:29:34]} Re8 {[%clk 0:18:18]} 33. Qxe8+
{[%clk 0:28:06]} Kxe8 {[%clk 0:18:47]} 34. Ra3 {[%clk 0:27:28]} Qc5
{[%clk 0:17:28]} 35. Rg3 {[%clk 0:27:11]} Kf7 {[%clk 0:17:33]} 36. Ke2
{[%clk 0:19:40]} Qh5+ {[%clk 0:17:00]} 37. Ke3 {[%clk 0:19:24]} Qc5+
{[%clk 0:11:10]} 38. Ke2 {[%clk 0:18:17]} b4 {[%clk 0:09:37]} 39. Rd1
{[%clk 0:14:14]} Qh5+ {[%clk 0:09:37]} 40. Rf3 {[%clk 0:14:10]} Ke6
{[%clk 0:09:05]} 41. Ke3 {[%clk 0:09:40]} d5 {[%clk 0:08:49]} 42. Rg1
{[%clk 0:09:35]} d4+ {[%clk 0:09:02]} 43. Kf2 {[%clk 0:10:03]} Qh4+
{[%clk 0:09:03]} 44. Kf1 {[%clk 0:09:46]} Kd5 {[%clk 0:09:04]} 45. Rxg7
{[%clk 0:08:45]} Ke4 {[%clk 0:07:51]} 46. Rf2 {[%clk 0:07:32]} Qh1+
{[%clk 0:08:13]} 47. Rg1 {[%clk 0:06:45]} Qh3+ {[%clk 0:08:39]} 48. Ke1
{[%clk 0:06:53]} d3 {[%clk 0:08:35]} 49. Kd1 {[%clk 0:06:49]} Ke3
{[%clk 0:08:22]} 50. Rgf1 {[%clk 0:06:51]} c3 {[%clk 0:07:27]} 51. bxc3
{[%clk 0:07:13]} bxc3 {[%clk 0:07:55]} 52. f5 {[%clk 0:05:56]} c2+
{[%clk 0:04:41]} 53. Kc1 {[%clk 0:06:25]} Qh8 {[%clk 0:04:35]} 54. f6
{[%clk 0:05:40]} Qb8 {[%clk 0:04:53]} 55. Rf3+ {[%clk 0:05:25]} Kd4
{[%clk 0:05:21]} 56. Rxd3+ {[%clk 0:02:27]} Kxd3 {[%clk 0:05:41]} 57. Rf3+
{[%clk 0:02:56]} Ke2 {[%clk 0:05:54]} 58. Rb3 {[%clk 0:03:11]} Qf4+
{[%clk 0:05:37]} 59. Kxc2 {[%clk 0:03:39]} Qxf6 {[%clk 0:05:33]} 60. Kb1
{[%clk 0:03:40]} Kd2 {[%clk 0:05:50]} 61. Rb2+ {[%clk 0:03:59]} Kd1
{[%clk 0:05:59]} 62. Rb3 {[%clk 0:04:21]} Qd4 {[%clk 0:06:03]} 63. Ra3
{[%clk 0:03:31]} Qe4+ {[%clk 0:06:08]} 64. Kb2 {[%clk 0:04:00]} Qc2+
{[%clk 0:06:30]} 65. Ka1 Qe4 0-1